Un hombre sencillo /

Guardado en:
Detalles Bibliográficos
Autor principal: Baillon, André (autor)
Formato: Libro
Idioma:Español
Publicado: Madrid, España : Errata Naturae, 2016, c2016
Colección:(El Pasaje de los Panoramas ; 36)
Temas:
Etiquetas: Agrega una etiqueta
Sin etiquetas, Sé el primero en etiquetar este registro!

MARC

LEADER 00000nam^a2200000^a^4500
001 000385792
005 20250521000000.0
009 20260310120941.95
020 |a 978-84-16544-04-2 
037 |a Acervo ITESO - Biblioteca 
041 |a ESP 
082 |a 843.  |b BAI 
100 |a Baillon, André  |e (autor) 
245 1 3 |a Un hombre sencillo /  |c A. Baillon ; tr. por Vanesa García Cazorla. 
264 4 |a Madrid, España :  |b Errata Naturae,  |c 2016, c2016 
300 |a 190 p. 
336 |a texto  |b txt  |2 rdacontenido 
337 |a sin mediación  |b n  |2 rdamedio 
338 |a volumen  |b nc  |2 rdasoporte 
440 3 |a (El Pasaje de los Panoramas ;  |v 36) 
500 |a Traducción de: Un homme si simple 
649 |a XX 
650 |a Novela Belga 
650 |a Literatura Belga -  |y Siglo XX 
650 |a Literatura en Francés -  |z Bélgica 
910 |a Fondo General 
920 |a Impresos - Libros 
930 |a Colección General 
940 |a Literatura 
905 |a 101 
901 |a 0500280205  |b IT1  |c LIT  |i C151862  |u 20250521 
902 |a https://opac.biblio.iteso.mx/vufind/Record/000385792